| 000 | 00560cam a22002051 4500 | ||
|---|---|---|---|
| 001 | 1695654 | ||
| 005 | 20180222070932.0 | ||
| 008 | 830610s1964 njua d 000 0 eng | ||
| 010 | _a 64001619 | ||
| 040 |
_aDLC/ICU _cICU _dDLC |
||
| 041 | 0 | _aengmul | |
| 080 | _a540.3 van | ||
| 082 | 0 | 0 | _a540.3 van |
| 100 | _a24 | ||
| 101 | _aenc | ||
| 245 | 0 | 0 | _aInternational encyclopedia of chemical science. |
| 740 | 0 | _aVan Nostrand's International encyclopedia of chemical science. | |
| 906 |
_a7 _bcbc _corignew _du _eocip _f19 _gy-gencatlg |
||
| 942 |
_2ddc _cBK |
||
| 999 |
_c43185 _d43185 |
||